000 00543nam a2200193Ia 4500
003 GCL
008 140319s9999 xx 000 0 ara d
040 _aGCL /
_cGCL
082 0 4 _a550
_bف ف
100 1 _aمحمد جمال الدين الفندى
245 1 0 _aقصة الفيزياء /
_cمحمد جمال الدين الفندى
700 1 _aجاموف جورج
300 _a441 ص
490 _a
650 0 4 _aالفيزياء
650 0 4 _aالفيزياء الذرية
650 0 4 _aالالكترونيات
942 _2ddc
_cBK
999 _c46609
_d46609